Statistics for World Countries Quiz but the Map is Spinning (Horizontally)

Click here to take the quiz!

General Stats

  • This quiz has been taken 37 times
  • The average score is 143 of 196

Answers on the Map

Answers color-coded by a green-red scale on the quiz's map according to % correct below.
 

Answer Stats

Country% Correct
United States
100%
Russia
91%
Canada
88%
Mexico
88%
Mongolia
88%
Argentina
84%
Australia
84%
China
84%
India
84%
United Kingdom
84%
Brazil
81%
Chile
81%
Denmark
81%
Finland
81%
France
81%
Iceland
81%
Indonesia
81%
Ireland
81%
Italy
81%
Japan
81%
New Zealand
81%
North Korea
81%
Peru
81%
Poland
81%
Saudi Arabia
81%
South Korea
81%
Sweden
81%
Algeria
78%
Austria
78%
Belarus
78%
Bhutan
78%
Colombia
78%
Democratic Republic
of the Congo
78%
Egypt
78%
Estonia
78%
Germany
78%
Greece
78%
Kazakhstan
78%
Lithuania
78%
Malaysia
78%
Morocco
78%
Norway
78%
Pakistan
78%
Papua New Guinea
78%
Philippines
78%
Portugal
78%
South Africa
78%
Spain
78%
Turkey
78%
Ukraine
78%
Vietnam
78%
Bangladesh
75%
Belize
75%
Bolivia
75%
Cuba
75%
Dominican Republic
75%
Ecuador
75%
Guyana
75%
Haiti
75%
Iran
75%
Iraq
75%
Jamaica
75%
Latvia
75%
Lesotho
75%
Luxembourg
75%
Madagascar
75%
Maldives
75%
Mali
75%
Nepal
75%
Netherlands
75%
Niger
75%
Nigeria
75%
Oman
75%
Panama
75%
Paraguay
75%
Republic of the Congo
75%
Romania
75%
Slovakia
75%
Slovenia
75%
Sri Lanka
75%
Switzerland
75%
Taiwan
75%
Thailand
75%
Tunisia
75%
Uruguay
75%
Venezuela
75%
Afghanistan
72%
Andorra
72%
Armenia
72%
Azerbaijan
72%
Bahamas
72%
Bahrain
72%
Belgium
72%
Botswana
72%
Bulgaria
72%
Cambodia
72%
Central African Republic
72%
Chad
72%
Croatia
72%
Czech Republic
72%
Djibouti
72%
Dominica
72%
El Salvador
72%
Ghana
72%
Honduras
72%
Hungary
72%
Israel
72%
Ivory Coast
72%
Jordan
72%
Kosovo
72%
Kuwait
72%
Kyrgyzstan
72%
Laos
72%
Libya
72%
Liechtenstein
72%
Marshall Islands
72%
Montenegro
72%
Namibia
72%
Nicaragua
72%
Qatar
72%
Seychelles
72%
South Sudan
72%
Sudan
72%
Syria
72%
Tajikistan
72%
Uganda
72%
United Arab Emirates
72%
Uzbekistan
72%
Vatican City
72%
Yemen
72%
Zambia
72%
Zimbabwe
72%
Albania
69%
Angola
69%
Bosnia and
Herzegovina
69%
Equatorial Guinea
69%
Eritrea
69%
Eswatini
69%
Ethiopia
69%
Fiji
69%
Georgia
69%
Guinea
69%
Kenya
69%
Lebanon
69%
Malawi
69%
Moldova
69%
Monaco
69%
Mozambique
69%
Myanmar
69%
North Macedonia
69%
Rwanda
69%
Saint Kitts and Nevis
69%
San Marino
69%
São Tomé and Príncipe
69%
Serbia
69%
Singapore
69%
Solomon Islands
69%
Somalia
69%
Suriname
69%
Tanzania
69%
Togo
69%
Turkmenistan
69%
Tuvalu
69%
Antigua and Barbuda
66%
Benin
66%
Brunei
66%
Cameroon
66%
Costa Rica
66%
East Timor
66%
Gabon
66%
Guatemala
66%
Malta
66%
Mauritania
66%
Mauritius
66%
Saint Lucia
66%
Senegal
66%
Tonga
66%
Vanuatu
66%
Cyprus
63%
Federated States of
Micronesia
63%
Grenada
63%
Guinea-Bissau
63%
Kiribati
63%
Liberia
63%
Nauru
63%
Palau
63%
Saint Vincent and the
Grenadines
63%
Samoa
63%
Barbados
59%
Burkina Faso
59%
Burundi
59%
Comoros
59%
Gambia
59%
Sierra Leone
59%
Trinidad and Tobago
59%
Cape Verde
56%

Score Distribution

Percentile by Number Answered

Percent of People with Each Score

Your Score History

You have not taken this quiz